000
00236nam a2200109Ia 4500
005
20251222142009.0
008
251222s9999||||xx |||||||||||||| ||spa||
082
_a
370.192/U61/Ej.3
245
0
_a
Educar:
264
_b
UCSS
942
_c
LIB
999
_c
10258
_d
10258